Principles of unit operations (Record no. 3850)

000 -LEADER
fixed length control field 00624nam a2200241 i 4500
001 - CONTROL NUMBER
control field 3850
003 - CONTROL NUMBER IDENTIFIER
control field BD-DhUET
008 - FIXED-LENGTH DATA ELEMENTS--GENERAL INFORMATION
fixed length control field 780815s1980 nyua b 001 0 eng
020 ## - INTERNATIONAL STANDARD BOOK NUMBER
International Standard Book Number 0471047872
040 ## - CATALOGING SOURCE
Original cataloging agency DLC
Transcribing agency DLC
Modifying agency BD-DhUET
082 00 - DEWEY DECIMAL CLASSIFICATION NUMBER
Classification number 660.28
Item number FOU/1980
100 ## - MAIN ENTRY--PERSONAL NAME
Personal name Foust, Alan S.
245 10 - TITLE STATEMENT
Title Principles of unit operations
250 ## - EDITION STATEMENT
Edition statement 2nd ed.
260 ## - PUBLICATION, DISTRIBUTION, ETC. (IMPRINT)
Place of publication, distribution, etc. New York
Name of publisher, distributor, etc. John Wiley & Sons
Date of publication, distribution, etc. 1980
300 ## - PHYSICAL DESCRIPTION
Extent xiv, 768 p.
Other physical details ill .
Dimensions 29 cm.
504 ## - BIBLIOGRAPHY, ETC. NOTE
Bibliography, etc Includes bibliographies
650 #0 - SUBJECT ADDED ENTRY--TOPICAL TERM
Topical term or geographic name as entry element Chemical processes
700 ## - ADDED ENTRY--PERSONAL NAME
Personal name Wenzel, Leonard A.
700 ## - ADDED ENTRY--PERSONAL NAME
Personal name Clump, Curtis W.
700 ## - ADDED ENTRY--PERSONAL NAME
Personal name Maus, Louis
942 ## - ADDED ENTRY ELEMENTS (KOHA)
Koha item type General Book
Holdings
Sublocation or collection (holding branch) Withdrawn status Koha item type Lost status Shelving location Not for loan Koha date last seen Koha full call number Source of classification or shelving scheme Date acquired Copy number Koha date last borrowed Location (home branch) Koha normalized classification for sorting Koha issues (times borrowed) Piece designation (barcode) Price effective from Damaged status
Central Library, BUET General Book Circulation section 2014-11-06660.28/FOU/1980 2014-11-061 Central Library, BUET660_280000000000000_FOU_1980 901392014-11-06 
Central Library, BUET General Book Circulation section 2014-11-06660.28/FOU/1980 2014-11-062 Central Library, BUET660_280000000000000_FOU_1980 901402014-11-06 
Central Library, BUET General Book Circulation section 2025-02-23660.28/FOU/1980 2015-03-2832023-09-16Central Library, BUET660_280000000000000_FOU_19803784752015-03-28 
Central Library, BUET General Book Circulation section 2015-03-28660.28/FOU/1980 2015-03-284 Central Library, BUET660_280000000000000_FOU_1980 784732015-03-28 
Central Library, BUET General Book Circulation section 2019-02-13660.28/FOU/1980 2015-03-2852018-11-06Central Library, BUET660_280000000000000_FOU_19801784742015-03-28 
Central Library, BUET General Book Circulation section 2018-03-11660.28/FOU/1980 2015-05-1862018-01-16Central Library, BUET660_280000000000000_FOU_19801784722015-05-18 
Central Library, BUET Reading Item Reading section 2015-06-30660.28/FOU/1980 2015-06-309 Central Library, BUET660_280000000000000_FOU_1980 687342015-06-30